000 00504nam a2200157 i 4500
001 83659
003 ES-MaACL
005 20230906174854.0
007 t|
008 041117s1967 sp ||||1| spa d
245 0 0 _aInvestigación de sistemas químicos
_b: guía de laboratorio /
_c[versión, José Masaguer Fernández].
260 _aBarcelona :
_bReverté,
_c[1967]
300 _aVIII, 149 p. :
_bil. ;
_c22 cm.
700 1 _aMasaguer Fernández, José.
_978662
852 _aES-MaACL
_jC-33050
_bR.63078
999 _c83659
_d83659